Pain Management By Physiotherapy. (Record no. 5293)

MARC details
000 -LEADER
fixed length control field 00588nam a22002057a 4500
003 - CONTROL NUMBER IDENTIFIER
control field OSt
005 - DATE AND TIME OF LATEST TRANSACTION
control field 20160930133433.0
008 - FIXED-LENGTH DATA ELEMENTS--GENERAL INFORMATION
fixed length control field 160707b xxu||||| |||| 00| 0 eng d
020 ## - INTERNATIONAL STANDARD BOOK NUMBER
International Standard Book Number 07506305693
040 ## - CATALOGING SOURCE
Transcribing agency DNLM.
082 ## - DEWEY DECIMAL CLASSIFICATION NUMBER
Classification number WL704P16p 1994.
100 ## - MAIN ENTRY--PERSONAL NAME
Personal name Wells,E.Peter;Frampton,Victoria;Bowsher,David;
9 (RLIN) 10077
245 ## - TITLE STATEMENT
Title Pain Management By Physiotherapy.
250 ## - EDITION STATEMENT
Edition statement 2nd ed
260 ## - PUBLICATION, DISTRIBUTION, ETC. (IMPRINT)
Place of publication, distribution, etc. Oxford.
Name of publisher, distributor, etc. Butterworh Heinemann.
Date of publication, distribution, etc. 1994.
300 ## - PHYSICAL DESCRIPTION
Extent viii,326p;
Other physical details ill;
Dimensions 25cm.
504 ## - BIBLIOGRAPHY, ETC. NOTE
Bibliography, etc includes references and bibliography.
650 ## - SUBJECT ADDED ENTRY--TOPICAL TERM
Topical term or geographic name as entry element Physiotherapy.
9 (RLIN) 1959
942 ## - ADDED ENTRY ELEMENTS (KOHA)
Source of classification or shelving scheme Other/Generic Classification Scheme
Koha item type Open Shelf
Holdings
Withdrawn status Lost status Source of classification or shelving scheme Damaged status Not for loan Home library Current library Date acquired Source of acquisition Inventory number Total Checkouts Full call number Barcode Date last seen Price effective from Koha item type
    Other/Generic Classification Scheme     MUST Main Library MUST Main Library 30/09/2016   97/10968   WL704P16p 1994. 2016-4566 30/09/2016 30/09/2016 Open Shelf